000 00796cam7a220024100 4500
001 qce01022828
005 20190815093756.0
008 750722s1968 at eng u
010 _a 67016095
035 _a(Sirsi) r32226
035 _a(QCAT)lss00907706
035 _a(UPRA)qce01022828
040 _dUPRA
050 0 _aGN475.9
_b.M6
100 1 _aMountford, Charles Pearcy, 1890-1977.
_dMountford, Charles Pearcy, 1890-1977.
_6A32068.1
245 1 0 _aWinbaraku and the myth of Jarapiri /
_c[by] Charles P. Mountford.
260 _a[Adelaide] :
_bRigby,
_c[1968]
650 0 _aSerpents (in religion, folk-lore, etc.)
_6S69445.1
650 0 _aMythology, Australian aboriginal.
_6S23920.1
740 0 _aJarapiri.
949 _aGN475.9
_wlcc
_i-36997
_mMAIN
_tBOOK
_lON-SHELF
004 32226
999 _c58641
_d58641